Information and Communication Technologies in Education as a Factor of Students Motivation (Record no. 314005)
[ view plain ]
| 000 -LEADER | |
|---|---|
| fixed length control field | 00647nam a2200145Ia 4500 |
| 008 - FIXED-LENGTH DATA ELEMENTS--GENERAL INFORMATION | |
| fixed length control field | 170221s9999 xx 000 0 und d |
| 100 ## - MAIN ENTRY--PERSONAL NAME | |
| Personal name | Galina A. Kruchinina |
| 245 ## - TITLE STATEMENT | |
| Title | Information and Communication Technologies in Education as a Factor of Students Motivation |
| 245 ## - TITLE STATEMENT | |
| Statement of responsibility, etc | Galina A. Kruchinina, Larisa I. Tararina, Elena E. Sokolova, Elizaveta V. Limarova, Isita V. Muskhanova, Shavadi M. Arsaliyev, Fatima U. Bazayeva, Nataliya P. Tagirova |
| 260 ## - PUBLICATION, DISTRIBUTION, ETC. (IMPRINT) | |
| Name of publisher, distributor, etc | International Review of Management and Marketing |
| 260 ## - PUBLICATION, DISTRIBUTION, ETC. (IMPRINT) | |
| Date of publication, distribution, etc | 2012 |
| 300 ## - PHYSICAL DESCRIPTION | |
| Extent | 3 : 2 |
| 650 ## - SUBJECT ADDED ENTRY--TOPICAL TERM | |
| General subdivision | Marketing. |
| 856 ## - ELECTRONIC LOCATION AND ACCESS | |
| Uniform Resource Identifier | <a href="http://www.econjournals.com/index.php/irmm/issue/view/71">http://www.econjournals.com/index.php/irmm/issue/view/71</a> |
| Withdrawn status | Lost status | Damaged status | Home library | Current library | Date acquired | Total Checkouts | Date last seen | Price effective from | Koha item type |
|---|---|---|---|---|---|---|---|---|---|
| College Library | College Library | 02/21/2017 | 02/21/2017 | 02/21/2017 | Foreign e-journal articles |